| 000 | 00496nam a2200169 a 4500 | ||
|---|---|---|---|
| 005 | 20140412111341.0 | ||
| 008 | 001214s19uu xx 00 eng d | ||
| 020 | _a0-307-00644-1 | ||
| 050 |
_aER _bBe385 1991 |
||
| 100 | _aSlater, Teddy | ||
| 245 |
_aBeauty and the beast / _cadapted by Teddy Slater ; illustrated by Ric Gonzales and Ron Dias. |
||
| 260 |
_aNew York : _bA Golden Book, _c1991. |
||
| 300 | _a1 v. (unp.) ; ill. | ||
| 440 | _aDisney's | ||
| 650 | _aFolktales | ||
| 999 |
_c105133 _d105133 |
||